International marketing strategy; (Record no. 5208)
[ view plain ]
| 000 -LEADER | |
|---|---|
| fixed length control field | 00495nam a22001697a 4500 |
| 005 - DATE AND TIME OF LATEST TRANSACTION | |
| control field | 20250326121438.0 |
| 008 - FIXED-LENGTH DATA ELEMENTS--GENERAL INFORMATION | |
| fixed length control field | 250326b |||||||| |||| 00| 0 eng d |
| 020 ## - INTERNATIONAL STANDARD BOOK NUMBER | |
| International Standard Book Number | 9781861522207 |
| 050 ## - LIBRARY OF CONGRESS CALL NUMBER | |
| Classification number | HF1009 |
| Item number | .5 DOO |
| 100 ## - MAIN ENTRY--PERSONAL NAME | |
| Personal name | Doole, Isobel |
| 245 ## - TITLE STATEMENT | |
| Title | International marketing strategy; |
| Remainder of title | analysis, development and implementation |
| 260 ## - PUBLICATION, DISTRIBUTION, ETC. | |
| Place of publication, distribution, etc. | London |
| Name of publisher, distributor, etc. | International Thomson Business Press |
| Date of publication, distribution, etc. | c1994 |
| 300 ## - PHYSICAL DESCRIPTION | |
| Extent | xx, 508p |
| 700 ## - ADDED ENTRY--PERSONAL NAME | |
| Personal name | Lowe Robin |
| 700 ## - ADDED ENTRY--PERSONAL NAME | |
| Personal name | Philips Chris |
| 942 ## - ADDED ENTRY ELEMENTS (KOHA) | |
| Source of classification or shelving scheme | Library of Congress Classification |
| Koha item type | Books |
| Suppress in OPAC | No |
| 999 ## - | |
| -- | 5208 |
| -- | 5208 |
| Withdrawn status | Lost status | Source of classification or shelving scheme | Damaged status | Not for loan | Collection | Home library | Current library | Shelving location | Date acquired | Total checkouts | Full call number | Barcode | Date last seen | Copy number | Price effective from | Koha item type |
|---|---|---|---|---|---|---|---|---|---|---|---|---|---|---|---|---|
| Library of Congress Classification | Non-fiction | Undergraduate Library (Christ Temple) | Undergraduate Library (Christ Temple) | General stacks | 03/26/2025 | HF1009.5 DOO | ulct00001979 | 03/26/2025 | 1 | 03/26/2025 | Books |